000
00320nam a2200133Ia 4500
005
20251222143228.0
008
251222s9999||||xx |||||||||||||| ||spa||
020
_a
84-7057-307-1
082
_a
278.3/M43
100
_a
Merino, José Antonio
245
0
_a
Humanismo Franciscano:
264
_b
Cristianidad
942
_c
LIB
999
_c
14075
_d
14075